• 首页
  • 本馆介绍
  • 公告通知
  • 最新文献
  • 馆藏检索
  • 电子资源
  • 读者导购
  • 参考咨询
  • 我的图书馆
  • 登录
  • 详细信息显示
  • 放入我的书架
  • 预约/预借图书
  • 作者相关作品
  • 分类相关作品
  • 丛书相关作品
  • 出版社相关作品

书目信息

  • 表格格式
  • 工作单格式
  • 卡片格式
题名:
女人的财富是设计出来的
    
 
作者: 高原 主编
分册:  
出版信息: 北京   中国纺织出版社  2017
页数: 268页
开本: 24cm
丛书名:
单 册:
中图分类: TS976.15-49 , F830.59-49
科图分类:
主题词: 女性--财务管理--普及读物 , 女性--私人投资--通俗读物
电子资源:
ISBN: 978-7-5180-3611-0
000 00880nam0 2200253 450
001 012001000638
005 20140920091302.0
010    @a978-7-5180-3611-0@dCNY35.80
100    @a20170905d2017 em y0chiy50 ea
101 0  @achi
102    @aCN@b110000
105    @ay z 000yy
106    @ar
200 1  @a女人的财富是设计出来的@9Nv Ren De Cai Fu Shi She Ji Chu Lai De@f高原主编
210    @a北京@c中国纺织出版社@d2017
215    @a268页@d24cm
330    @a本书是在互联网经济时代精心为女性朋友量身打造的理财入门书,通过案例分析、图示、表格等形式,通俗、直观地教女性朋友新时代理财该从哪些方面入手,将枯燥的理财知识具体化。
606 0  @a女性@x财务管理@j普及读物
606 0  @a女性@x私人投资@j通俗读物
690    @aTS976.15-49@v5
690    @aF830.59-49@v5
701  0 @a高原@9Gao Yuan@4主编
801  0 @aCN@b上海新华@c20180901
905    @b1155165-69@dTS976.15-49@e501@f5
    
    女人的财富是设计出来的/高原主编.-北京:中国纺织出版社,2017
    268页;24cm
    
    
    ISBN 978-7-5180-3611-0:CNY35.80
    本书是在互联网经济时代精心为女性朋友量身打造的理财入门书,通过案例分析、图示、表格等形式,通俗、直观地教女性朋友新时代理财该从哪些方面入手,将枯燥的理财知识具体化。
●
相关链接 在E读中查询图书 在五车中查询图书 在当当中查询图书 在豆瓣中查询图书


正题名:女人的财富是设计出来的     索取号:TS976.15-49/501         预约/预借

序号 登录号 条形码 馆藏地/架位号 状态 备注
1 1155165   211551658   第二样本阅览室/ [索取号:TS976.15-49/501] 在馆    
2 1155166   211551667   密集书库-文学院/ [索取号:TS976.15-49/501] 在馆    
3 1155167   211551676   第三借阅区/ [索取号:TS976.15-49/501] 在馆    
4 1155168   211551685   第三借阅区/ [索取号:TS976.15-49/501] 在馆    
5 1155169   211551694   第三借阅区/ [索取号:TS976.15-49/501] 在馆    
唐山师范学院图书馆 欢迎您!
大连网信软件有限公司© 版权所有